[Event "SVR-ch MAT-II 30th"]
[Site "Nickenich"]
[Date "2007.03.31"]
[Round "2"]
[White "Engels, Gerd"]
[Black "Grabinski, Robert"]
[Result "1/2-1/2"]
[WhiteElo "1994"]
[BlackElo "1789"]
[PlyCount "139"]
[EventDate "2007.03.30"]
[EventType "tourn"]
[EventRounds "9"]
[EventCountry "GER"]
[SourceTitle "EXT 2009"]
[Source "ChessBase"]
[SourceDate "2008.11.26"]
[SourceVersion "1"]
[SourceVersionDate "2008.11.26"]
[SourceQuality "1"]

1. d4 Nf6 2. Nf3 g6 3. g3 Bg7 4. Bg2 d6 5. 0-0 0-0 6. c4 Nc6 7. Nc3 a6 8. e4 Rb8 9. d5 Na5 10. Qe2 c5 11. h3 Re8 12. Be3 e6 13. Nd2 exd5 14. Nxd5 Nxd5 15. exd5 Bxb2 16. Rab1 Bg7 17. Nb3 Bf5 18. Rbd1 b5 19. cxb5 Rxb5 20. Nxa5 Qxa5 21. g4 Bd7 22. Rb1 Rxb1 23. Rxb1 Bb5 24. Qc2 Qa3 25. Rb3 Qa5 26. Rb1 Qc3 27. Qxc3 Bxc3 28. a4 Bxa4 29. Rb6 a5 30. Rxd6 Bb4 31. Ra6 c4 32. d6 c3 33. Bc6 Bxc6 34. Rxc6 Rd8 35. Bd4 Kf8 36. Bxc3 Bxc3 37. Rxc3 Rxd6 38. Rc8+ Ke7 39. Ra8 Rd5 40. Ra7+ Ke6 41. Kg2 h5 42. Kg3 hxg4 43. hxg4 f6 44. f4 g5 45. Ra6+ Ke7 46. Kf3 gxf4 47. Kxf4 Kf7 48. Ke4 Re5+ 49. Kf4 Kg6 50. Ra7 Rb5 51. Kf3 Rb3+ 52. Kf2 Ra3 53. Ra8 Kg5 54. Rg8+ Kf4 55. Rg6 Ra2+ 56. Kf1 Ke5 57. g5 fxg5 58. Rxg5+ Kd4 59. Ke1 Kd3 60. Rg3+ Kc2 61. Rg8 a4 62. Rc8+ Kb1 63. Kd1 Rb2 64. Rc1+ Ka2 65. Rc3 a3 66. Kc1 Rb1+ 67. Kc2 Rh1 68. Rd3 Rh2+ 69. Kc1 Rh6 70. Rc3 1/2-1/2